000 01213nam a2200325 c 4500
003 BLK
005 20180422100444.0
008 180408b bul|||||r ||||||| ||bul||
010 _aKNG00039295000
020 _a0-19-470223-5
_bиздат.: Oxford Univ. Press - на том
040 _aBLK
041 _aENG
_cENG
080 _aАнглийски език
_b811.111
_x(075.9)
_z811.111(075.9)
100 1 _aSoars, Liz
_eпърви автор
_9367309
700 1 _aSoars, John
_eсъавт.
_9367310
139 _aSoars, Liz et al.
_bS 70
245 1 0 _aNew Headway English Course
_bIntermediate
_cLiz Soars; съавт. John Soars.
_nStudent's Book
257 _aGBR
260 Oxford
_c1996
380 _a80
650 4 _aАнглийски език - учебници за курсове
_9244395
653 _aанглийски език
653 _aучебници
760 1 _3- на том
_aSoars, Liz
_dOxford Univ. Press, 1996
_h160 c., 27 см
_m2 аудиокасети
_n2 аудиокасети с инв. номера 1859, 1860
_tStudent's Book
852 _aЦб ІІ 8829
856 4 _qpdf
_u
856 4 _qpdf
_u
942 _cKNG
_n0
944 _aCR
_c15.01.2003
_kЛюдмила_Стоянова
944 _aED
_c28.05.2007
_k
999 _c36375
_d36375